[Event "Santa Fe de los Reyes Memorial 2nd"]
[Site "Santa Fe"]
[Date "2019.08.24"]
[Round "2.3"]
[White "Decoppet, Nestor"]
[Black "Barrera, Ulises"]
[Result "1-0"]
[WhiteElo "1799"]
[BlackElo "1574"]
[PlyCount "79"]
[EventDate "2019.08.24"]
[EventType "swiss"]
[EventRounds "6"]
[EventCountry "ARG"]
[SourceTitle "EXT 2024"]
[Source "ChessBase"]
[SourceDate "2023.10.10"]
[SourceVersion "1"]
[SourceVersionDate "2023.10.10"]
[SourceQuality "1"]

1. e4 c5 2. c3 Nf6 3. e5 Nd5 4. d4 cxd4 5. cxd4 Nc6 6. Nf3 d6 7. Bc4 Nb6 8. Bxf7+ Kxf7 9. e6+ Bxe6 10. Ng5+ Ke8 11. Nxe6 Qd7 12. d5 Nd8 13. Nf4 g6 14. 0-0 Bg7 15. Nc3 Rf8 16. Ne4 Qf5 17. Qe2 Be5 18. Ng3 Qd7 19. Qe4 Bxf4 20. Bxf4 Nxd5 21. Qxd5 Rxf4 22. Qg8+ Rf8 23. Qxh7 Qe6 24. Rae1 Qf7 25. Qh3 Nc6 26. Ne4 Kd8 27. Ng5 Qf5 28. Ne6+ Kd7 29. Nxf8+ Rxf8 30. Qb3 b6 31. Qa4 Qa5 32. Qg4+ Qf5 33. Qe2 Rh8 34. Qa6 Rc8 35. b4 Rc7 36. Rc1 b5 37. a4 bxa4 38. b5 Ne5 39. Rxc7+ Kxc7 40. Rc1+ 1-0

[Event "Santa Fe de los Reyes Memorial 2nd"]
[Site "Santa Fe"]
[Date "2019.08.24"]
[Round "1.3"]
[White "Kalala, Daniel"]
[Black "Decoppet, Nestor"]
[Result "0-1"]
[WhiteElo "1523"]
[BlackElo "1799"]
[PlyCount "58"]
[EventDate "2019.08.24"]
[EventType "swiss"]
[EventRounds "6"]
[EventCountry "ARG"]
[SourceTitle "EXT 2024"]
[Source "ChessBase"]
[SourceDate "2023.10.10"]
[SourceVersion "1"]
[SourceVersionDate "2023.10.10"]
[SourceQuality "1"]

1. e4 e5 2. Nf3 Nc6 3. Bc4 Nf6 4. d3 h6 5. a3 Bc5 6. b4 Bb6 7. b5 Na5 8. Nxe5 d5 9. exd5 Bd4 10. Qe2 Qe7 11. Bf4 Nxc4 12. dxc4 Bxa1 13. c3 Bf5 14. Qe3 Ng4 15. Nxg4 Bxg4 16. Bxc7 Qxe3+ 17. fxe3 Rc8 18. d6 Kd7 19. 0-0 f6 20. Rf2 Rhe8 21. Ra2 Rxe3 22. Kf2 Rd3 23. h3 Bf5 24. Nd2 Bxc3 25. Nb3 Bd4+ 26. Nxd4 Rxd4 27. g4 Be6 28. Re2 Rxc4 29. Ke1 R8xc7 0-1

[Event "ARG-ch Amateur U2000"]
[Site "Termas de Rio Hondo"]
[Date "2017.11.17"]
[Round "2.9"]
[White "Decoppet, Nestor"]
[Black "Sanchez, Jose Luis"]
[Result "1/2-1/2"]
[WhiteElo "1796"]
[BlackElo "1967"]
[PlyCount "32"]
[EventDate "2017.11.17"]
[EventType "swiss"]
[EventRounds "9"]
[EventCountry "ARG"]
[SourceTitle "EXT 2024"]
[Source "ChessBase"]
[SourceDate "2023.10.10"]
[SourceVersion "1"]
[SourceVersionDate "2023.10.10"]
[SourceQuality "1"]

1. e4 d5 2. exd5 Qxd5 3. d4 Nc6 4. Be3 e5 5. c4 Bb4+ 6. Nc3 Qa5 7. d5 Nce7 8. Bd2 Ng6 9. a3 Bxc3 10. Bxc3 Qb6 11. b4 N8e7 12. c5 Qf6 13. Bb5+ c6 14. Ba4 0-0 15. d6 Nd5 16. Bb2 Ngf4 1/2-1/2

[Event "Cordoba Villa Giardino op 15th"]
[Site "Cordoba"]
[Date "2016.05.25"]
[Round "1"]
[White "Decoppet, Nestor"]
[Black "Sabas, Jorge"]
[Result "0-1"]
[WhiteElo "1666"]
[BlackElo "2215"]
[PlyCount "56"]
[EventDate "2016.05.25"]
[EventType "swiss"]
[EventRounds "7"]
[EventCountry "ARG"]
[SourceTitle "EXT 2024"]
[Source "ChessBase"]
[SourceDate "2023.10.10"]
[SourceVersion "1"]
[SourceVersionDate "2023.10.10"]
[SourceQuality "1"]

1. e4 c6 2. d4 d5 3. e5 Bf5 4. Nf3 e6 5. Be2 Nd7 6. c3 h6 7. h3 Ne7 8. Be3 Bh7 9. Nbd2 Nf5 10. Nf1 c5 11. Bb5 a6 12. Bxd7+ Qxd7 13. dxc5 Nxe3 14. Nxe3 Bxc5 15. Nd4 0-0 16. Qd2 b5 17. Ng4 Rac8 18. Qxh6 Bxd4 19. cxd4 f5 20. Qh4 fxg4 21. hxg4 Bg6 22. g3 Rc2 23. f4 Qc7 24. f5 Qa5+ 25. Kf1 Qd2 26. Qh8+ Kf7 27. fxg6+ Kxg6+ 28. Qxf8 Qe2+ 0-1